000 00328nam a2200145Ia 4500
100 _aKostenko/M. Piotrovsky/L
650 _aElectrical Engineering
942 _cBK
654 _aMachines
245 _aElectrical Machines Vol. II
260 _bMir Publishers
_c2001
082 _a621.3
300 _a774
546 _aENGLISH
999 _c18026
_d18026